|
|
|
|
| LEADER |
00000nab a2200000 a 4500 |
| 001 |
vtls008408158 |
| 003 |
SK-MaSNL |
| 005 |
20260414111445.0 |
| 008 |
051108c20051105xo ur| 0 0slo |
| 015 |
|
|
|a SNBRB2005/11
|
| 038 |
|
|
|a RVGKPD
|
| 040 |
|
|
|a RVGKPD
|b slo
|c RVGKPD
|e AACR2
|
| 041 |
0 |
|
|a slo
|
| 044 |
|
|
|a xo
|c SK
|
| 080 |
|
|
|a 929 Bielik, Pavol
|2 UDC-MRF-SK2
|
| 080 |
|
|
|a 353
|2 UDC-MRF-SK2
|
| 245 |
0 |
0 |
|a V prípade Bielik súd potrebuje ďalšie dôkazy
|c [autor] (mm)
|
| 300 |
|
|
|b Fotogr.
|
| 600 |
1 |
7 |
|a Bielik, Pavol,
|d 1953-
|2 rvgkpd
|9 92786
|
| 650 |
0 |
7 |
|a korupcia
|2 rvgkpd
|9 1699
|
| 650 |
0 |
7 |
|a samospráva
|2 rvgkpd
|9 4165
|
| 651 |
|
7 |
|a Rača (Bratislava III, Slovensko)
|2 rvgkpd
|9 25416
|
| 773 |
0 |
|
|t Pravda
|g Roč. XV, č. 256 (5.11.2005), s. 2
|x 1335-4051
|
| 852 |
|
|
|a RVGKPD
|b KIS3G
|
| 992 |
|
|
|a RBX
|
| 999 |
|
|
|c 1753885
|d 1755815
|